|
|
|
|
| LEADER |
00000nab#a22000007a#4500 |
| 001 |
arbauad042711 |
| 003 |
AR-BaUAD |
| 005 |
20250711113324.0 |
| 008 |
000218|||||||||###||||||b###|0###a|spa|| |
| 040 |
|
|
|a AR-BaUAD
|c AR-BaUAD
|b spa
|
| 100 |
|
|
|a Fishel, Catharine
|
| 245 |
|
|
|a Fast Company /
|c Catharine Fishel;
|
| 300 |
0 |
|
|b fot.
|
| 653 |
|
|
|a DISEÑO GRAFICO
|
| 653 |
|
|
|a ESTUDIOS DE DISEÑO
|
| 653 |
|
|
|a BBK STUDIO
|
| 653 |
|
|
|a BARILE, MICHAEL
|
| 653 |
|
|
|a BUDELMANN, KEVIN
|
| 653 |
|
|
|a KIM, YANG
|
| 653 |
|
|
|a ESTADOS UNIDOS
|
| 653 |
|
|
|a WEB SITES
|
| 653 |
|
|
|a FOLLETOS
|
| 653 |
|
|
|a ANUARIOS
|
| 653 |
|
|
|a DISEÑO EDITORIAL
|
| 773 |
0 |
|
|t PRINT
|g VOL. 53, Nº6 [nov.-dic. 1999], p. 92-99
|
| 942 |
|
|
|c ARTI
|
| 952 |
|
|
|0 0
|1 0
|4 0
|7 0
|9 87630
|a AR-BAuAD
|b AR-BAuAD
|d 2025-07-11
|l 0
|p AAQA042711
|r 2025-07-11 11:33:24
|w 2025-07-11
|y ARTI
|
| 990 |
|
|
|a DG199
|b TD
|
| 998 |
|
|
|a AAQ
|b BIBUN76
|
| 999 |
|
|
|c 67303
|d 67303
|